| 000 | 00589nam a2200241 a 4500 | ||
|---|---|---|---|
| 001 | nice12345678 | ||
| 003 | IN_TiNIC | ||
| 005 | 20260116012219.0 | ||
| 008 | 070405s0000 newa grp 000 0 eng | ||
| 020 |
_a _c50 |
||
| 082 | 0 | 0 |
_a201 _bMAT |
| 100 | _aMathews, Basil | ||
| 245 | _aJohn R. Mott World Citizen | ||
| 260 |
_aNew York _bHarper Bromer`s Publishers _c0000 |
||
| 300 | _a469p | ||
| 500 | _aincludes index and biblioraphy | ||
| 505 | 2 | _aIndex | |
| 650 | _aChristian-Biography-India | ||
| 700 | 1 | _aMathews, Basil | |
| 902 | _bSRS | ||
| 942 | _cBK | ||
| 999 |
_c6111 _d6111 |
||